African Countries with the Longest Names - Statistics

General Stats
  • This quiz has been taken 249 times
  • The average score is 5 of 6
Answer Stats
Answer % Correct
Mozambique
94%
Madagascar
92%
Mauritania
90%
Mauritius
81%
Seychelles
80%
Swaziland
41%
No matching quizzes found
Score Distribution
Percent of People with Each Score
Percentile by Number Answered
Your Score History
You have not taken this quiz